Państwa świata uznawane i nieuznawane (mapa) - Statystyki

Ogólne statystyki
  • Ten quiz został rozwiązany 98 razy
    19 od ostatniego zresetowania
  • Średni wynik to 69 z 205
Odpowiedzi na mapie
Odpowiedzi zakodowano w zielono-czerwonej skali na mapie do tego quizu, zgodnie z poniższymi procentami.
 
Statystyki odpowiedzi
Państwo % Poprawnych
Belize
67%
Gwatemala
67%
Haiti
67%
Honduras
67%
Kanada
67%
Kuba
67%
Meksyk
67%
Nikaragua
67%
Palestyna
67%
Salwador
67%
Stany Zjednoczone
67%
Afganistan
33%
Albania
33%
Algieria
33%
Andora
33%
Angola
33%
Antigua i Barbuda
33%
Arabia Saudyjska
33%
Argentyna
33%
Armenia
33%
Australia
33%
Austria
33%
Azerbejdżan
33%
Bahamy
33%
Bahrajn
33%
Bangladesz
33%
Barbados
33%
Belgia
33%
Benin
33%
Bhutan
33%
Białoruś
33%
Boliwia
33%
Bośnia i Hercegowina
33%
Botswana
33%
Brazylia
33%
Bułgaria
33%
Burkina Faso
33%
Burundi
33%
Chile
33%
Chiny
33%
Chorwacja
33%
Cypr
33%
Czad
33%
Czarnogóra
33%
Czechy
33%
Dania
33%
Demokratyczna Republika Konga
33%
Dominika
33%
Dominikana
33%
Dżibuti
33%
Egipt
33%
Ekwador
33%
Erytrea
33%
Estonia
33%
Eswatini
33%
Etiopia
33%
Fidżi
33%
Filipiny
33%
Finlandia
33%
Francja
33%
Gabon
33%
Gambia
33%
Ghana
33%
Grecja
33%
Grenada
33%
Gruzja
33%
Gujana
33%
Gwinea
33%
Gwinea Bissau
33%
Gwinea Równikowa
33%
Hiszpania
33%
Holandia
33%
Indie
33%
Indonezja
33%
Irak
33%
Iran
33%
Irlandia
33%
Islandia
33%
Izrael
33%
Jamajka
33%
Japonia
33%
Jemen
33%
Jordania
33%
Kambodża
33%
Kamerun
33%
Katar
33%
Kazachstan
33%
Kenia
33%
Kirgistan
33%
Kiribati
33%
Kolumbia
33%
Komory
33%
Kongo
33%
Korea Północna
33%
Korea Południowa
33%
Kosowo
33%
Kostaryka
33%
Kuwejt
33%
Laos
33%
Lesotho
33%
Liban
33%
Liberia
33%
Libia
33%
Liechtenstein
33%
Litwa
33%
Łotwa
33%
Luksemburg
33%
Macedonia Północna
33%
Madagaskar
33%
Malawi
33%
Malediwy
33%
Malezja
33%
Mali
33%
Malta
33%
Maroko
33%
Mauretania
33%
Mauritius
33%
Mikronezja
33%
Mjanma
33%
Mołdawia
33%
Monako
33%
Mongolia
33%
Mozambik
33%
Naddniestrze
33%
Namibia
33%
Nauru
33%
Nepal
33%
Niemcy
33%
Niger
33%
Nigeria
33%
Niue
33%
Norwegia
33%
Nowa Zelandia
33%
Oman
33%
Pakistan
33%
Palau
33%
Panama
33%
Papua-Nowa Gwinea
33%
Paragwaj
33%
Peru
33%
Polska
33%
Południowa Afryka
33%
Portugalia
33%
Republika Środkowoafrykańska
33%
Republika Zielonego Przylądka
33%
Rosja
33%
Rumunia
33%
Rwanda
33%
Sahara Zachodnia
33%
Saint Kitts i Nevis
33%
Saint Lucia
33%
Saint Vincent i Grenadyny
33%
Samoa
33%
San Marino
33%
Senegal
33%
Serbia
33%
Seszele
33%
Sierra Leone
33%
Słowacja
33%
Słowenia
33%
Somalia
33%
Sri Lanka
33%
Sudan
33%
Sudan Południowy
33%
Surinam
33%
Syria
33%
Szwajcaria
33%
Szwecja
33%
Tadżykistan
33%
Tajlandia
33%
Tajwan
33%
Tanzania
33%
Togo
33%
Tonga
33%
Trynidad i Tobago
33%
Tunezja
33%
Turcja
33%
Turkmenistan
33%
Uganda
33%
Ukraina
33%
Urugwaj
33%
Uzbekistan
33%
Vanuatu
33%
Watykan
33%
Węgry
33%
Wenezuela
33%
Wielka Brytania
33%
Wietnam
33%
Włochy
33%
Wybrzeże Kości Słoniowej
33%
Wyspy Cooka
33%
Wyspy Marshalla
33%
Wyspy Salomona
33%
Wyspy Świętego Tomasza i Książęca
33%
Zambia
33%
Zimbabwe
33%
Zjednoczone Emiraty Arabskie
33%
Abchazja
0%
Brunei
0%
Cypr Północny
0%
Osetia Południowa
0%
Singapur
0%
Somaliland
0%
Timor Wschodni
0%
Tuvalu
0%
Nie znaleziono quizów pasujących do podanych kryteriów
Rozkład punktacji
Procent ludzi z każdym wynikiem
Percentyl według liczby udzielonych odpowiedzi
Twoja historia wyników
Nie rozwiązałeś tego quizu od ostatniego zresetowania